000 00637nam a22002057a 4500
005 20130618115232.0
010 _aENG-107366
020 _a9788120347038
_c495.00
035 _aEN-90899
037 _bDBAD/PUB
082 _a581.2
100 _aRavichandra, N.G.
245 _aFundamentals of plant pathology /
_cby N.G. Ravichandra
260 _aNew Delhi
_bPHI Learning
_c2013
270 _aRimjhim House, 111, Patparganj Industrial Estate
_bDelhi
_e110092
300 _axxiv,639p. :
_c24cm(pbk)
_bill.
500 _aIncludes bibliographical references and index
700 _a
942 _2ddc
_cEN
_mRAV
_h581.2
999 _c76321
_d76321